| 000 | 01462nam a2200421 c 4500 | ||
|---|---|---|---|
| 001 | 24180 | ||
| 003 | ES-MaCES | ||
| 005 | 20141221122906.0 | ||
| 008 | 111229s2011 sp t 100 | spa d | ||
| 017 |
_aBI 2936-2011 _bDL |
||
| 020 | _a9788493914615 | ||
| 035 | _aCES20110010337m | ||
| 040 |
_aES-MaCES _bspa _cES-MaCES |
||
| 245 | 0 | 3 |
_aEl empleo público local ante la crisis _cXavier Boltaina Bosch ... [et al.] |
| 260 |
_aBarcelona _bFundación Democracia y Gobierno Local _c[2011] |
||
| 300 |
_a288 p. _c20 cm |
||
| 490 | 1 |
_aDebates locales _v2 |
|
| 500 | _aEn la port.: CEMCI, Centro de Estudios Municipales y de Cooperación Internacional | ||
| 541 | _cCompra | ||
| 650 | 4 |
_aadministración pública _927214 |
|
| 650 | 4 |
_agobierno local _927219 |
|
| 650 | 4 |
_aempleo _928299 |
|
| 650 | 4 |
_afunción pública _927225 |
|
| 650 | 4 |
_acrisis económica _927102 |
|
| 650 | 4 |
_aevaluación del impacto _930732 |
|
| 650 | 4 |
_aajuste estructural _930358 |
|
| 650 | 4 |
_areforma administrativa _927223 |
|
| 650 | 4 |
_aadministración de recursos humanos _930474 |
|
| 650 | 4 |
_aEspaña _926964 |
|
| 653 | 1 | 0 | _aEmpleo |
| 700 | 1 |
_aBoltaina Bosch, Xavier _98008 |
|
| 710 | 2 |
_aFundación Democracia y Gobierno Local _eed. _93802 |
|
| 710 | 2 |
_91874 _aCentro de Estudios Municipales y de Cooperación Internacional |
|
| 830 | 0 |
_aDebates locales _v2 _934630 |
|
| 902 | _aLIB Libro | ||
| 942 |
_2CES _cBK _h2.1. |
||
| 999 |
_c24180 _d24180 |
||